000 00303nam a22001457a 4500
008 210519b ||||| |||| 00| 0 eng d
020 _a9780735627222
041 _aeng
080 _a004
082 _a004
100 _a28
101 _aSHKI
245 _aSharePoint 2010
_cCurry,B
942 _2udc
_cBK
999 _c57491
_d57491